[Event "DMP - III LIGA SZACHOWA SENIOROW PK 2016"]
[Site "Czudec"]
[Date "2016.??.??"]
[Round "7.1"]
[White "Mroczek, Jacek"]
[Black "Czajkowski, Ryszard"]
[Result "0-1"]
[WhiteElo "1923"]
[BlackElo "2076"]
[PlyCount "90"]
[EventDate "2016.??.??"]

1. d4 Nf6 2. c4 g6 3. Nc3 d5 4. cxd5 Nxd5 5. e4 Nxc3 6. bxc3 Bg7 7. Bc4 c5 8.
Ne2 Nc6 9. Be3 cxd4 10. cxd4 O-O 11. O-O Bg4 12. f3 Na5 13. Bd3 Be6 14. d5 Bxa1
15. Qxa1 f6 16. Bh6 Re8 17. Kh1 a6 18. Nf4 Bf7 19. Rd1 Qd6 20. g4 Rac8 21. h4
Nc4 22. Ne2 Qe5 23. Qb1 Qb2 24. Bxc4 Qxb1 25. Rxb1 Rxc4 26. Rxb7 f5 27. gxf5
gxf5 28. Rb1 fxe4 29. Rg1+ Bg6 30. fxe4 Rxe4 31. Nf4 Kf7 32. h5 Bf5 33. Rg7+
Kf6 34. Rg3 Ke5 35. Rf3 Rg8 36. Ng2 Re2 37. Bf4+ Ke4 38. Nh4 Rg4 39. Nxf5 Re1+
40. Kh2 Kxf3 41. Bg3 Re2+ 42. Kh3 Ra4 43. d6 exd6 44. Bxd6 Rexa2 45. Ng3 Re4
0-1

[Event "DMP - III LIGA SZACHOWA SENIOROW PK 2016"]
[Site "Czudec"]
[Date "2016.??.??"]
[Round "7.2"]
[White "Czarnecki, Wojciech"]
[Black "Zadlo, Roman"]
[Result "1-0"]
[WhiteElo "2014"]
[BlackElo "2008"]
[Annotator "Szachy"]
[PlyCount "111"]
[EventDate "2016.??.??"]

1. f4 {[%emt 0:00:00]} d5 {[%emt 0:00:00]} 2. Nf3 c5 3. b3 Nc6 4. Bb2 Nf6 5. g3
e6 6. Bg2 Bd6 7. O-O O-O 8. e3 Qe7 9. Ne5 Bxe5 10. fxe5 Nd7 11. d4 f6 12. exf6
Rxf6 13. dxc5 Rxf1+ 14. Qxf1 Qxc5 15. Qe2 Nf6 16. Na3 Bd7 17. Rf1 e5 18. c4 Be6
19. Rc1 d4 20. Nc2 dxe3 21. Qxe3 Qxe3+ 22. Nxe3 Nd4 23. Rd1 Rd8 24. Bxd4 exd4
25. Nd5 Nxd5 26. cxd5 Bf5 27. Rxd4 Rd6 28. Ra4 a6 29. Rf4 Bd7 30. Kf2 g5 31.
Rc4 Kf8 32. Ke3 g4 33. Be4 Ke8 34. Kd4 Kd8 35. Ke5 Rh6 36. Rc2 Rh5+ 37. Kf6
Rh6+ 38. Kg7 Rd6 39. Kxh7 Rxd5 40. Bxd5 Bf5+ 41. Kh6 Bxc2 42. Bxb7 a5 43. Bd5
Ke7 44. Kg5 Kd6 45. Bc4 Bd1 46. Kh4 Bf3 47. h3 gxh3 48. Kxh3 Kc5 49. g4 a4 50.
g5 Be4 51. Bf7 a3 52. g6 Kb4 53. g7 Bh7 54. g8=Q Bxg8 55. Bxg8 Kc3 56. Kg3 1-0

[Event "DMP - III LIGA SZACHOWA SENIOROW PK 2016"]
[Site "Czudec"]
[Date "2016.??.??"]
[Round "7.3"]
[White "Lusio, Daniel"]
[Black "Baniak, Lukasz"]
[Result "1-0"]
[WhiteElo "1877"]
[BlackElo "1844"]
[PlyCount "56"]
[EventDate "2016.??.??"]

1. e4 c5 2. Nf3 g6 3. c3 Bg7 4. d4 cxd4 5. cxd4 d5 6. exd5 Nf6 7. Nc3 Nbd7 8.
d6 exd6 9. Qe2+ Qe7 10. Qxe7+ Kxe7 11. Bd3 Nb6 12. O-O Be6 13. Re1 a6 14. Bg5
Kd7 15. Rac1 Rhc8 16. Ne4 Nfd5 17. a3 f5 18. Nc3 Nxc3 19. bxc3 Na4 20. d5 Nc5
21. dxe6+ Nxe6 22. Bd2 Rc7 23. Ng5 Nxg5 24. Bxg5 Be5 25. f4 Rxc3 26. fxe5 Rxd3
27. e6+ Ke8 28. Rc7 h6 1-0

[Event "DMP - III LIGA SZACHOWA SENIOROW PK 2016"]
[Site "Czudec"]
[Date "2016.??.??"]
[Round "7.4"]
[White "Nowicki, Andrzej"]
[Black "Klis, Michal"]
[Result "1-0"]
[WhiteElo "1845"]
[BlackElo "1654"]
[Annotator "Szachy"]
[PlyCount "93"]
[EventDate "2016.??.??"]

1. e4 {[%emt 0:00:00]} c5 2. Nc3 Nc6 3. g3 e6 4. Bg2 Nf6 5. d3 Be7 6. Nge2 O-O
7. O-O d6 8. h3 Bd7 9. f4 Rb8 10. g4 g6 11. Ng3 Nd4 12. g5 Ne8 13. h4 b5 14.
Nce2 Nxe2+ 15. Qxe2 Nc7 16. e5 d5 17. Kf2 c4 18. d4 Bb4 19. Be3 Re8 20. Rh1 Kf8
21. h5 Ke7 22. Rh2 Rf8 23. Rah1 Na6 24. c3 Ba5 25. a3 Nc7 26. Qc2 Qe8 27. Rh4
Kd8 28. Nf1 Kc8 29. Nh2 Na8 30. Ng4 Bd8 31. Kg3 Rb7 32. Bf3 Nb6 33. R4h3 h6 34.
Nxh6 gxh5 35. Rxh5 Bc6 36. Ng4 Rc7 37. Rh7 Kb7 38. Rg7 Rg8 39. Nf6 Bxf6 40.
gxf6 Nd7 41. Qh7 Rc8 42. Kf2 Rxg7 43. Qxg7 Nb6 44. Rh7 Rc7 45. Bh5 Qd8 46. Rh8
Qd7 47. Rf8 1-0

[Event "DMP - III LIGA SZACHOWA SENIOROW PK 2016"]
[Site "Czudec"]
[Date "2016.??.??"]
[Round "7.5"]
[White "Pondo, Augustyn"]
[Black "Nowak, Marek"]
[Result "0-1"]
[WhiteElo "1423"]
[BlackElo "1715"]
[Annotator "Szachy"]
[PlyCount "71"]
[EventDate "2016.??.??"]

1. d4 {[%emt 0:00:00]} Nc6 {[%emt 0:00:00]} 2. c4 e5 3. e3 exd4 4. exd4 d5 5.
Nf3 Nf6 6. Nc3 Be7 7. Be2 dxc4 8. Bxc4 O-O 9. h3 Bf5 10. a3 Qd7 11. O-O Rad8
12. Bf4 Nxd4 13. Ne5 Qc8 14. Nd5 Nxd5 15. Qxd4 Nxf4 16. Qxf4 Be6 17. Rac1 Bd6
18. Qe4 Rfe8 19. f4 Bxe5 20. fxe5 Bxc4 21. Qxc4 Re7 22. Rf2 Qe6 23. Qxe6 fxe6
24. Rfc2 c6 25. Kf2 Rd5 26. Rc5 Red7 27. Ke3 Rxc5 28. Rxc5 Rd5 29. b4 Rxc5 30.
bxc5 b6 31. Kd4 Kf7 32. a4 Kg6 33. a5 bxa5 34. g4 h5 35. Kc4 hxg4 36. hxg4 0-1

[Event "DMP - III LIGA SZACHOWA SENIOROW PK 2016"]
[Site "Czudec"]
[Date "2016.??.??"]
[Round "7.6"]
[White "Burdzy, Joanna"]
[Black "Starzec, Klaudia"]
[Result "1-0"]
[WhiteElo "1660"]
[BlackElo "1275"]
[Annotator "Szachy"]
[PlyCount "95"]
[EventDate "2016.??.??"]

1. e4 {[%emt 0:00:00]} c6 2. d4 d5 3. Nc3 e6 4. Nf3 Ne7 5. Bd3 Nd7 6. O-O Ng6
7. Re1 Be7 8. Qe2 O-O 9. exd5 cxd5 10. Bxg6 hxg6 11. Nxd5 exd5 12. Qxe7 Qxe7
13. Rxe7 Nf6 14. Bf4 b6 15. Rae1 Ne4 16. Ne5 a6 17. f3 Nf6 18. Re3 Bf5 19. Rc3
Rac8 20. Rxc8 Bxc8 21. Bg5 Ne8 22. Nd7 Bxd7 23. Rxd7 f6 24. Bf4 g5 25. Bd6 Nxd6
26. Rxd6 Rc8 27. c3 Rb8 28. Rxd5 Rb7 29. Kf2 Kf7 30. Ke3 Ke6 31. Ke4 g6 32. Rd8
f5+ 33. Kd3 Ke7 34. Ra8 a5 35. c4 Ke6 36. d5+ Ke5 37. Re8+ Kf6 38. Kd4 Kf7 39.
Rh8 Kf6 40. Re8 Kf7 41. Re6 a4 42. b3 axb3 43. axb3 b5 44. c5 Ra7 45. c6 Ra1
46. c7 Rd1+ 47. Kc5 Rc1+ 48. Kb6 1-0

[Event "DMP - III LIGA SZACHOWA SENIOROW PK 2016"]
[Site "Czudec"]
[Date "2016.??.??"]
[Round "7.7"]
[White "Zaskalski, Pawel"]
[Black "Sendera, Jaroslaw"]
[Result "0-1"]
[WhiteElo "2160"]
[BlackElo "2290"]
[Annotator "Szachy"]
[PlyCount "80"]
[EventDate "2016.??.??"]

1. d4 {[%emt 0:00:00]} Nf6 2. c4 g6 3. Nc3 Bg7 4. e4 d6 5. Nf3 O-O 6. Be2 Nbd7
7. O-O e5 8. Be3 Re8 9. d5 Nh5 10. Qd2 a5 11. a3 Nc5 12. Bxc5 dxc5 13. Ne1 Nf4
14. Nd3 Qg5 15. Nxf4 exf4 16. Bf3 Be5 17. Rfe1 Qf6 18. Rac1 Kg7 19. Rc2 h5 20.
Qe2 Bd7 21. Qd1 Ra6 22. Qd2 Rh8 23. Nb5 g5 24. Be2 g4 25. Bf1 f3 26. Qe3 b6 27.
d6 c6 28. Nc3 Raa8 29. Kh1 Rh6 30. Na4 Rb8 31. Bd3 fxg2+ 32. Kxg2 h4 33. Kh1
Qe6 34. Rg1 Bxh2 35. Rg2 Bf4 36. Qe2 g3 37. fxg3 hxg3+ 38. Kg1 Rbh8 39. Kf1
Rh1+ 40. Rg1 Rxg1+ 0-1

[Event "DMP - III LIGA SZACHOWA SENIOROW PK 2016"]
[Site "Czudec"]
[Date "2016.??.??"]
[Round "7.8"]
[White "Rawicz, Karol"]
[Black "Zaskalski, Arkadiusz"]
[Result "1-0"]
[WhiteElo "2228"]
[BlackElo "2158"]
[Annotator "Szachy"]
[PlyCount "94"]
[EventDate "2016.??.??"]

1. d4 {[%emt 0:00:00]} Nf6 {[%emt 0:00:00]} 2. c4 {[%emt 0:00:00]} c5 3. d5 b5
4. Nf3 g6 5. Qc2 bxc4 6. e4 d6 7. Bxc4 Bg7 8. O-O O-O 9. Nc3 Ba6 10. Bxa6 Nxa6
11. Bf4 Rb8 12. Rad1 Nd7 13. Rfe1 Qb6 14. Rd2 Rb7 15. e5 Nxe5 16. Nxe5 dxe5 17.
Bxe5 Bxe5 18. Rxe5 c4 19. Ree2 Rfb8 20. Qe4 Qc5 21. h4 h5 22. Qf4 Qd6 23. Qxc4
Rb4 24. Qc6 Rxh4 25. Qxd6 exd6 26. Ne4 Nc5 27. Nxd6 Ra4 28. b3 Ra6 29. Nc4 Kf8
30. f3 Rd8 31. Kf2 Nb7 32. Rd3 Nd6 33. Ne5 Nf5 34. Red2 Nd6 35. Rc3 Nf5 36. Nc6
Rd6 37. Rc5 Ne7 38. Nxe7 Kxe7 39. Ke3 Kf6 40. Kd4 Kf5 41. Rc7 f6 42. Kc5 Rd8
43. b4 Ra3 44. Kc6 Rc3+ 45. Kb7 Ra3 46. d6 Ra4 47. b5 Ke6 1-0

[Event "DMP - III LIGA SZACHOWA SENIOROW PK 2016"]
[Site "Czudec"]
[Date "2016.??.??"]
[Round "7.12"]
[White "Wolowiec-musial, Malgorzata"]
[Black "Godek, Martyna"]
[Result "1/2-1/2"]
[WhiteElo "1857"]
[BlackElo "1435"]
[Annotator "Szachy"]
[PlyCount "64"]
[EventDate "2016.??.??"]

1. d4 {[%emt 0:00:00]} d5 2. c4 e6 3. Nc3 Nf6 4. Nf3 h6 5. e3 c6 6. Bd3 Nbd7 7.
O-O b6 8. cxd5 cxd5 9. Bd2 Bb4 10. Rc1 O-O 11. Nb5 Bxd2 12. Qxd2 Ba6 13. Nc3
Bxd3 14. Qxd3 Qe7 15. Rc2 Rfc8 16. Rfc1 Qd8 17. Qa6 Nb8 18. Qb7 Nc6 19. Nb5 Ne7
20. Nc7 Rab8 21. Qxa7 Ne8 22. h3 Nd6 23. Qa4 Nc4 24. Nb5 Nxb2 25. Qb3 Rxc2 26.
Rxc2 Nc4 27. Ne5 Nxe5 28. dxe5 Rc8 29. Nd6 Rxc2 30. Qxc2 Qd7 31. Qc3 Qc6 32.
Qd4 Ng6 1/2-1/2

[Event "DMP - III LIGA SZACHOWA SENIOROW PK 2016"]
[Site "Czudec"]
[Date "2016.??.??"]
[Round "7.13"]
[White "Augustyn, Sebastian"]
[Black "Lewicki, Miroslaw"]
[Result "0-1"]
[WhiteElo "2106"]
[BlackElo "2319"]
[Annotator "Szachy"]
[PlyCount "124"]
[EventDate "2016.??.??"]

1. e4 {[%emt 0:00:00]} c5 {[%emt 0:00:00]} 2. Nf3 d6 3. Bb5+ Bd7 4. Bxd7+ Nxd7
5. O-O g6 6. c3 Ngf6 7. Re1 Bg7 8. d4 O-O 9. Bg5 h6 10. Bh4 g5 11. Bg3 Nh5 12.
Nbd2 Nxg3 13. hxg3 Qb6 14. Qb3 cxd4 15. Qxb6 Nxb6 16. Nxd4 Bxd4 17. cxd4 Rac8
18. Rec1 Na4 19. b3 Nb2 20. Nf1 Nd3 21. Rd1 Nb4 22. Ne3 e6 23. Rd2 f5 24. exf5
exf5 25. Nc4 Rf6 26. Re1 Kf7 27. f3 b5 28. Ne3 Re6 29. Rde2 Rce8 30. Kf2 Kg6
31. a4 f4 32. gxf4 gxf4 33. Nd1 Nd3+ 34. Kf1 Rxe2 35. Rxe2 Rxe2 36. Kxe2 Nc1+
37. Ke1 Nxb3 38. axb5 Nxd4 39. Nc3 Kf5 40. Kd2 Ke5 41. Kd3 d5 42. Kd2 h5 43.
Kd3 h4 44. Kd2 Nf5 45. Ke2 Nd6 46. Kd3 d4 47. b6 axb6 48. Na4 b5 49. Nb6 Nb7
50. Nd7+ Kd5 51. Nf8 Nc5+ 52. Kd2 Ke5 53. Ng6+ Kf5 54. Ne7+ Kg5 55. Nc6 d3 56.
Kc3 h3 57. gxh3 Kh4 58. Nb4 Kxh3 59. Na2 Kg3 60. Kd4 d2 61. Nc3 b4 62. Nd1 Kxf3
0-1

[Event "DMP - III LIGA SZACHOWA SENIOROW PK 2016"]
[Site "Czudec"]
[Date "2016.??.??"]
[Round "7.14"]
[White "Mika, Tomasz"]
[Black "Uryasz, Tomasz"]
[Result "1-0"]
[WhiteElo "2051"]
[BlackElo "1582"]
[PlyCount "168"]
[EventDate "2016.??.??"]

1. e4 e5 2. Nc3 Nf6 3. Bc4 Bb4 4. Nf3 Nc6 5. Nd5 Ba5 6. O-O O-O 7. d4 Nxd5 8.
exd5 Nxd4 9. Nxe5 Nf5 10. Qh5 d6 11. Ng4 Qh4 12. Qxh4 Nxh4 13. Ne3 Nf5 14. c3
Bb6 15. Re1 Bd7 16. Nxf5 Bxf5 17. a4 a6 18. a5 Ba7 19. Bd2 Rfe8 20. Rxe8+ Rxe8
21. Kf1 Kf8 22. Re1 Rxe1+ 23. Kxe1 Ke7 24. Bg5+ f6 25. Bd2 Kd7 26. f3 Bg6 27.
g3 c6 28. Ke2 Kc7 29. dxc6 Kxc6 30. Be3 Bb8 31. Bb3 Bc7 32. Ba4+ Kd5 33. b4 Kc4
34. Kd2 Bf5 35. g4 Bg6 36. Bd7 Bf7 37. Bf5 h6 38. Kc2 Kb5 39. h4 Kc6 40. h5 Bd5
41. f4 Bf3 42. Kd3 d5 43. Kd2 b6 44. axb6 Bxb6 45. Bxb6 Kxb6 46. Kd3 Bd1 47.
Kd4 Bf3 48. Be6 Kc6 49. Kd3 Be4+ 50. Ke3 Bc2 51. Kd4 Bb3 52. Bf5 Bd1 53. Bc8
Be2 54. Ke3 Bc4 55. Bf5 Bb3 56. Bd3 Kb6 57. Kd4 Ba2 58. Be2 Bb3 59. Bd3 Ba2 60.
Ke3 Bb3 61. Kd2 Ba4 62. Bb1 Bd7 63. f5 Kc6 64. Ke3 Kd6 65. Bd3 Bc8 66. Kd4 Bb7
67. Be2 Bc8 68. Bf3 Bb7 69. c4 Bc6 70. Bxd5 Ba4 71. Bf3 Bb3 72. b5 axb5 73.
cxb5 Kc7 74. Kc5 Bc2 75. b6+ Kd7 76. b7 Kc7 77. b8=Q+ Kxb8 78. Kd6 Kc8 79. Ke7
Bb3 80. Kf8 Kd8 81. Kxg7 Ke7 82. Bb7 Bd1 83. g5 hxg5 84. h6 g4 1-0

[Event "DMP - III LIGA SZACHOWA SENIOROW PK 2016"]
[Site "Czudec"]
[Date "2016.??.??"]
[Round "7.15"]
[White "Tatarczany, Piotr"]
[Black "Janus, Przemyslaw"]
[Result "0-1"]
[WhiteElo "1548"]
[BlackElo "2086"]
[Annotator "Szachy"]
[PlyCount "90"]
[EventDate "2016.??.??"]

1. d4 {[%emt 0:00:00]} d5 {[%emt 0:00:00]} 2. Nf3 Nf6 3. c4 c6 4. Nc3 e6 5.
cxd5 exd5 6. Bg5 Be7 7. e3 O-O 8. h3 Bf5 9. Bd3 Bxd3 10. Qxd3 Nbd7 11. O-O Re8
12. a3 a5 13. Bf4 Bf8 14. Ne5 Nxe5 15. Bxe5 Nd7 16. Bg3 Nb6 17. Rab1 Bd6 18.
Bxd6 Qxd6 19. Rfe1 Rad8 20. Qc2 Re7 21. Na4 Nc4 22. Nc5 b6 23. Nb3 Qg6 24. Qxg6
hxg6 25. Re2 a4 26. Nd2 b5 27. Kf1 Rb8 28. Ke1 f5 29. Kd1 Kf7 30. Kc2 Reb7 31.
Nxc4 bxc4 32. f3 Rb3 33. Ree1 Re8 34. Kd2 Rd3+ 35. Kc2 Rdxe3 36. Rxe3 Rxe3 37.
Rd1 Ke6 38. Rd2 Kd6 39. Kd1 c5 40. dxc5+ Kxc5 41. Kc2 f4 42. Rf2 d4 43. Rd2 d3+
44. Kc3 Re1 45. b4+ axb3 0-1

[Event "DMP - III LIGA SZACHOWA SENIOROW PK 2016"]
[Site "Czudec"]
[Date "2016.??.??"]
[Round "7.16"]
[White "Kucharski, Bartlomiej"]
[Black "Rogus, Sylwester"]
[Result "1-0"]
[WhiteElo "1667"]
[BlackElo "1609"]
[PlyCount "77"]
[EventDate "2016.??.??"]

1. e4 d6 2. d4 e6 3. Nc3 Nd7 4. f4 c5 5. Nf3 Ne7 6. Be3 cxd4 7. Nxd4 Nc6 8. Bc4
Nb6 9. Bb3 Be7 10. O-O O-O 11. Qd2 Bd7 12. Rad1 Na5 13. Qd3 Nxb3 14. axb3 f5
15. exf5 exf5 16. Ndb5 Bxb5 17. Nxb5 d5 18. Kh1 Kh8 19. Rfe1 Bf6 20. Bc5 Rf7
21. Qxf5 Rd7 22. Re6 Rc8 23. Bxb6 axb6 24. Nd6 Rxd6 25. Rxd6 Qe8 26. c3 Rc6 27.
R6xd5 Re6 28. Qxe6 Qxe6 29. Rd8+ Bxd8 30. Rxd8+ Qg8 31. Rxg8+ Kxg8 32. g3 Kf7
33. Kg2 Ke6 34. Kf3 Kd5 35. Ke3 b5 36. g4 b6 37. h3 h6 38. h4 g6 39. Kd3 1-0

[Event "DMP - III LIGA SZACHOWA SENIOROW PK 2016"]
[Site "Czudec"]
[Date "2016.??.??"]
[Round "7.18"]
[White "Gierulski, Kamil"]
[Black "Lach, Ireneusz"]
[Result "1-0"]
[WhiteElo "2165"]
[BlackElo "1984"]
[Annotator "Szachy"]
[PlyCount "65"]
[EventDate "2016.??.??"]

1. e4 {[%emt 0:00:00]} e5 2. Nf3 Nc6 3. Nc3 Bc5 4. Bb5 Nge7 5. O-O O-O 6. Nxe5
Nxe5 7. d4 Bxd4 8. Qxd4 N7c6 9. Qe3 f6 10. f4 Nf7 11. Qg3 d6 12. Be3 Be6 13.
Rfe1 a6 14. Bf1 f5 15. Rad1 Qc8 16. Nd5 Kh8 17. Bd2 Nh6 18. Bc3 Rf7 19. Qg5 Ng8
20. Bc4 Qf8 21. exf5 Rxf5 22. Bxg7+ Qxg7 23. Qxg7+ Kxg7 24. Rxe6 Rf7 25. g3 Rd8
26. c3 Rfd7 27. Rc1 b5 28. Bf1 Rf7 29. Bg2 a5 30. f5 Ne5 31. Be4 c6 32. Nf4 Nf6
33. Rxe5 1-0

[Event "DMP - III LIGA SZACHOWA SENIOROW PK 2016"]
[Site "Czudec"]
[Date "2016.??.??"]
[Round "7.19"]
[White "Lach, Dariusz"]
[Black "Miasik, Adrian"]
[Result "0-1"]
[WhiteElo "1795"]
[BlackElo "1903"]
[Annotator "Szachy"]
[PlyCount "140"]
[EventDate "2016.??.??"]

1. d4 {[%emt 0:00:00]} d5 {[%emt 0:00:00]} 2. Nf3 e6 3. c3 c5 4. e3 Nf6 5. Bd3
Nc6 6. O-O Be7 7. Nbd2 O-O 8. Re1 cxd4 9. exd4 Bd6 10. Nf1 Qc7 11. h3 e5 12.
dxe5 Nxe5 13. Nxe5 Bxe5 14. Bg5 Bd7 15. Bxf6 Bxf6 16. Qh5 g6 17. Qxd5 Bc6 18.
Qb3 Qf4 19. Qc4 Qg5 20. Qg4 Qxg4 21. hxg4 Rad8 22. Bc2 Bd7 23. f3 Be6 24. Bb3
Bxb3 25. axb3 a6 26. Rad1 Bg5 27. Kf2 Kg7 28. g3 h6 29. f4 Bf6 30. Ne3 Be7 31.
b4 Bf6 32. Rxd8 Rxd8 33. Rd1 Rxd1 34. Nxd1 Be7 35. Kf3 Kf6 36. Ke4 Ke6 37. Ne3
Bd6 38. b3 f6 39. f5+ Kf7 40. Kf3 g5 41. Nc4 Bc7 42. Na5 b6 43. Nc4 Ke7 44. Nd2
Be5 45. Ne4 Kd7 46. Ke3 Kc6 47. c4 b5 48. Kd3 Bb2 49. Nc3 Ba3 50. Nd5 Bb2 51.
Ke4 Be5 52. c5 Kd7 53. Ne3 Kc6 54. Nc2 a5 55. bxa5 Kxc5 56. Kd3 b4 57. Ne3 Bxg3
58. Ke4 Bc7 59. Nc4 Bb8 60. a6 Kb5 61. Kd5 Kxa6 62. Ke6 Bf4 63. Kxf6 h5 64.
gxh5 g4 65. Ke6 g3 66. f6 g2 67. f7 Bh6 68. Ne5 g1=Q 69. Nd7 Qg4+ 70. Ke7 Qxh5
0-1

[Event "DMP - III LIGA SZACHOWA SENIOROW PK 2016"]
[Site "Czudec"]
[Date "2016.??.??"]
[Round "7.21"]
[White "Lach, Mateusz"]
[Black "Babiarz, Mariusz"]
[Result "0-1"]
[WhiteElo "1426"]
[BlackElo "1888"]
[Annotator "Szachy"]
[PlyCount "107"]
[EventDate "2016.??.??"]

1. d4 {[%emt 0:00:00]} d5 {[%emt 0:00:00]} 2. c4 dxc4 3. e3 e6 4. Bxc4 a6 5.
Nc3 c5 6. Nf3 Nf6 7. O-O b5 8. Be2 Nbd7 9. dxc5 Bxc5 10. b3 Bb7 11. Bb2 O-O 12.
Rc1 Rc8 13. Nd2 Qb6 14. Bf3 Bxf3 15. Nxf3 Rfd8 16. Qe2 Be7 17. Rfd1 Nc5 18.
Rxd8+ Rxd8 19. Rd1 Rxd1+ 20. Qxd1 Qd6 21. Qxd6 Bxd6 22. Ba3 Nfd7 23. Kf1 Kf8
24. Ke2 Ke7 25. Nd4 Nb8 26. h3 g6 27. Bxc5 Bxc5 28. Kd3 f5 29. f3 Kd6 30. Nc2
Nc6 31. e4 Ke5 32. Ne2 fxe4+ 33. fxe4 Bf2 34. Nc3 h5 35. Ne2 g5 36. Nc3 Bc5 37.
Ne2 Bf2 38. g3 Bc5 39. a3 Bf2 40. b4 Kd6 41. Na1 Ne5+ 42. Kc3 Nc4 43. a4 Be1+
44. Kb3 Nd2+ 45. Ka3 Nxe4 46. Nc2 Bxg3 47. axb5 axb5 48. Ncd4 Bf2 49. Nxb5+ Ke5
50. Ka4 g4 51. hxg4 h4 52. Na3 h3 53. Nc4+ Kf6 54. Nd6 0-1

[Event "DMP - III LIGA SZACHOWA SENIOROW PK 2016"]
[Site "Czudec"]
[Date "2016.??.??"]
[Round "7.23"]
[White "Trybowska, Anna"]
[Black "Posuniak, Weronika"]
[Result "0-1"]
[WhiteElo "1555"]
[BlackElo "1740"]
[Annotator "Szachy"]
[PlyCount "116"]
[EventDate "2016.??.??"]

1. d4 {[%emt 0:00:00]} d5 2. c4 c6 3. e3 Nf6 4. Nc3 e6 5. Bd2 Bd6 6. c5 Bc7 7.
Nf3 Nbd7 8. Bd3 Qe7 9. O-O O-O 10. e4 e5 11. exd5 cxd5 12. Bg5 Qe6 13. Bxf6
Nxf6 14. dxe5 Ne4 15. Bxe4 dxe4 16. Nxe4 Bxe5 17. Qc2 g6 18. Nxe5 Qxe5 19. Nd6
b6 20. b4 Be6 21. Rfe1 Qf4 22. Qe4 Qg5 23. f4 Qf6 24. Qe5 Qxe5 25. Rxe5 Rfd8
26. a3 Rd7 27. Rd1 Rc8 28. Rf1 Rc6 29. f5 gxf5 30. Nxf5 bxc5 31. bxc5 Rdc7 32.
Nd4 Ra6 33. Nxe6 fxe6 34. Rg5+ Rg7 35. Rxg7+ Kxg7 36. Rf3 Rc6 37. Rc3 Kf6 38.
Kf2 Ke5 39. Rh3 Rc7 40. Rh5+ Kd4 41. Rh6 Kd5 42. Ke2 a5 43. Kd3 Rb7 44. Kc2 Re7
45. Kb3 Kxc5 46. Ka4 e5 47. Ra6 e4 48. Rxa5+ Kc4 49. Ra6 e3 50. Rc6+ Kd3 51.
Rd6+ Ke2 52. Rc6 Kd1 53. Rd6+ Ke1 54. Kb3 e2 55. Kc2 Kf2 56. Rd2 Kf1 57. Rxe2
Rxe2+ 58. Kb3 Kxg2 0-1

[Event "DMP - III LIGA SZACHOWA SENIOROW PK 2016"]
[Site "Czudec"]
[Date "2016.??.??"]
[Round "7.24"]
[White "Piekarski, Lukasz"]
[Black "Lewtak, Damian"]
[Result "0-1"]
[WhiteElo "1971"]
[BlackElo "2323"]
[PlyCount "88"]
[EventDate "2016.??.??"]

1. e4 c5 2. c4 Nc6 3. g3 g6 4. Bg2 Bg7 5. Ne2 e6 6. Nbc3 Nge7 7. O-O O-O 8. Rb1
Rb8 9. a3 Nd4 10. b4 d6 11. d3 b6 12. bxc5 dxc5 13. Bf4 Rb7 14. e5 Rd7 15. Ne4
Nec6 16. Bg5 Qc7 17. Nxd4 Rxd4 18. f4 Ne7 19. Nf6+ Bxf6 20. Bxf6 Bb7 21. g4
Bxg2 22. Kxg2 Rfd8 23. Qe1 Rxd3 24. Rb2 Kf8 25. Qh4 Rd2+ 26. Rxd2 Rxd2+ 27. Rf2
Qb7+ 28. Kg1 Rd1+ 29. Rf1 Rxf1+ 30. Kxf1 h5 31. Kf2 Qd7 32. Ke2 Qb7 33. Qg5
Qg2+ 34. Ke3 Ng8 35. gxh5 Qxg5 36. Bxg5 gxh5 37. Kd3 Ne7 38. Kc3 Nc6 39. Kb3
Na5+ 40. Kc3 Kg7 41. Bd8 Kg6 42. h3 Kf5 43. Bg5 Ke4 44. Bh6 Nc6 0-1

[Event "DMP - III LIGA SZACHOWA SENIOROW PK 2016"]
[Site "Czudec"]
[Date "2016.??.??"]
[Round "7.25"]
[White "Lewtak, Dominik"]
[Black "Pasionek, Ariel"]
[Result "1/2-1/2"]
[WhiteElo "2065"]
[BlackElo "1959"]
[PlyCount "51"]
[EventDate "2016.??.??"]

1. e4 e5 2. Nf3 Nc6 3. Bb5 a6 4. Ba4 Nf6 5. O-O d6 6. Re1 Bg4 7. c3 Be7 8. d3
O-O 9. h3 Bh5 10. Nbd2 Re8 11. Nf1 b5 12. Bc2 d5 13. Qe2 d4 14. Ng3 Bg6 15. Nf5
Bxf5 16. exf5 Qd7 17. g4 Rad8 18. Bd2 e4 19. Nxd4 Nxd4 20. cxd4 Qxd4 21. Bc3
exd3 22. Bxd4 dxe2 23. Be3 Nd5 24. Rxe2 Nxe3 25. fxe3 Bc5 26. Rae1 1/2-1/2

[Event "DMP - III LIGA SZACHOWA SENIOROW PK 2016"]
[Site "Czudec"]
[Date "2016.??.??"]
[Round "7.26"]
[White "Krynicki, Henryk"]
[Black "Mis, Mieszko"]
[Result "0-1"]
[WhiteElo "1758"]
[BlackElo "2069"]
[Annotator "Szachy"]
[PlyCount "54"]
[EventDate "2016.??.??"]

1. e4 {[%emt 0:00:00]} c5 {[%emt 0:00:00]} 2. Nf3 {[%emt 0:00:00]} Nc6 3. d4
cxd4 4. Nxd4 Nf6 5. Nc3 d6 6. Be3 e5 7. Nb3 Be6 8. f3 Be7 9. Qd2 O-O 10. O-O-O
a5 11. Kb1 a4 12. Nc1 a3 13. b3 Nb4 14. Nd3 d5 15. Nxe5 Rc8 16. Rc1 Qc7 17. Bd4
dxe4 18. Nxe4 Rfd8 19. c3 Nxe4 20. fxe4 Qxe5 21. Bxe5 Rxd2 22. cxb4 Rxc1+ 23.
Kxc1 Bxb4 24. Kb1 f6 25. Bf4 Rb2+ 26. Kc1 Rxa2 27. Kd1 Bxb3+ 0-1

[Event "DMP - III LIGA SZACHOWA SENIOROW PK 2016"]
[Site "Czudec"]
[Date "2016.??.??"]
[Round "7.29"]
[White "Cyboran, Katarzyna"]
[Black "Michalska, Marta"]
[Result "1-0"]
[WhiteElo "1823"]
[BlackElo "1570"]
[Annotator "Szachy"]
[PlyCount "53"]
[EventDate "2016.??.??"]

1. e4 {[%emt 0:00:00]} c5 {[%emt 0:00:00]} 2. Nf3 {[%emt 0:00:00]} d6 3. d4
cxd4 4. Qxd4 Nc6 5. Bb5 Bd7 6. Bxc6 Bxc6 7. Nc3 Nf6 8. Bg5 h6 9. Be3 Qa5 10.
O-O-O e5 11. Qd3 Be7 12. Nd2 b5 13. Nb3 Qd8 14. f3 a6 15. Nd5 Nxd5 16. exd5 Bd7
17. f4 Qc8 18. fxe5 Bf5 19. Qd2 dxe5 20. Qf2 Bg4 21. Rd3 Qd7 22. d6 Bf6 23. Nc5
Qc6 24. d7+ Kf8 25. h3 Be6 26. Rhd1 Bd8 27. Rd6 1-0

[Event "DMP - III LIGA SZACHOWA SENIOROW PK 2016"]
[Site "Czudec"]
[Date "2016.??.??"]
[Round "7.28"]
[White "Chmielowski, Dominik"]
[Black "Szpar, Milosz"]
[Result "1-0"]
[WhiteElo "1595"]
[BlackElo "1956"]
[PlyCount "61"]
[EventDate "2016.??.??"]

1. d4 Nf6 2. c4 g6 3. Nc3 Bg7 4. e4 d6 5. f4 O-O 6. Nf3 c5 7. d5 e6 8. Be2 exd5
9. exd5 Na6 10. O-O Re8 11. Bd3 Bd7 12. a3 Nc7 13. Bd2 b5 14. b3 Ng4 15. h3 Ne3
16. Bxe3 Rxe3 17. Qd2 Re8 18. Rae1 bxc4 19. bxc4 f5 20. Rxe8+ Nxe8 21. Ng5 Qf6
22. Ne2 h6 23. Nf3 Qb2 24. Rb1 Qxa3 25. Nh4 Nf6 26. Nxg6 Rc8 27. Ng3 Ne4 28.
Nxe4 fxe4 29. Be2 Qg3 30. Bh5 Bxh3 31. Kh1 1-0

[Event "DMP - III LIGA SZACHOWA SENIOROW PK 2016"]
[Site "Czudec"]
[Date "2016.??.??"]
[Round "7.10"]
[White "Wozny, Tomasz"]
[Black "Zaskalski, Dawid"]
[Result "1/2-1/2"]
[WhiteElo "1758"]
[BlackElo "1911"]
[PlyCount "45"]
[EventDate "2016.??.??"]

1. d4 g6 2. Nf3 Nf6 3. c4 Bg7 4. Nc3 O-O 5. e4 d6 6. Be2 e5 7. dxe5 dxe5 8. O-O
Nc6 9. Be3 Be6 10. h3 Qe7 11. Qa4 Bd7 12. Qc2 Rfe8 13. Rad1 Rad8 14. a3 a6 15.
b4 b6 16. c5 b5 17. Bg5 Be6 18. Nd5 Bxd5 19. exd5 Nd4 20. Nxd4 exd4 21. Bf3 h6
22. Bxf6 Qxf6 23. Rfe1 1/2-1/2

[Event "DMP - III LIGA SZACHOWA SENIOROW PK 2016"]
[Site "Czudec"]
[Date "2016.??.??"]
[Round "7.1"]
[White "Mroczek, Jacek"]
[Black "Czajkowski, Ryszard"]
[Result "0-1"]
[WhiteElo "1923"]
[BlackElo "2076"]
[Annotator "Szachy"]
[PlyCount "94"]
[EventDate "2016.??.??"]

1. d4 {[%emt 0:00:00]} Nf6 {[%emt 0:00:00]} 2. c4 {[%emt 0:00:00]} g6 3. Nc3 d5
4. cxd5 Nxd5 5. e4 Nxc3 6. bxc3 Bg7 7. Bc4 c5 8. Ne2 Nc6 9. Be3 cxd4 10. cxd4
O-O 11. O-O Bg4 12. f3 Na5 13. Bd3 Be6 14. d5 Bxa1 15. Qxa1 f6 16. Bh6 Re8 17.
Kh1 a6 18. Nf4 Bf7 19. Rd1 Qd6 20. g4 Rac8 21. h4 Nc4 22. Ne2 Qe5 23. Qb1 Qb2
24. Bxc4 Qxb1 25. Rxb1 Rxc4 26. Rxb7 f5 27. gxf5 gxf5 28. Rb1 fxe4 29. Rg1+ Bg6
30. fxe4 Rxe4 31. Nf4 Kf7 32. h5 Bf5 33. Rg7+ Kf6 34. Rg3 Ke5 35. Rf3 Rg8 36.
Ng2 Re2 37. Bf4+ Ke4 38. Nh4 Rg4 39. Nxf5 Re1+ 40. Kh2 Kxf3 41. Bg3 Re2+ 42.
Kh3 Ra4 43. d6 exd6 44. Bxd6 Rexa2 45. h6 Ra1 46. Ng3 Re1 47. Nf5 Rd1 0-1